000 00467nam a22001577a 4500
005 20170124115047.0
008 170124b xxu||||| |||| 00| 0 eng d
022 _a2395-1435
082 _a630
245 _aAgricultural research journal
260 _aLudhiana
_bPunjab Agricultural University
300 _av.
_c28cm
310 _aQuarterly
270 _aPunjab Agriculture University
_bLudhina
_dIndia
_e141004
942 _2ddc
_cSR
_mAGI
_s1
_h630
999 _c137190
_d137190